00740nam a2200241Ia 450000500170000000800410001702000140005804000180007204100080009008200210009810000240011924500960014325000120023926000500025130000250030165000340032665000210036065000120038165000340039365000230042770000230045070000250047320241107104059.0210716s1991 xx 000 0 und d a876926960 cAIMIT LIBRARY aeng a005.73 21bTENA aTenenbaum, Aaron M. aData structures using c /cBy Aaron M. Tenenbaum, Yedidyah Langsam and Moshe J. Augenstein. a1st ed. aNew Delhi :bPrentice Hall of India ,c1991 . ax, 662p. ;c23.5 cm. aGraphs and their applications aQueues and lists aSorting aGraphs and their applications aStorage management aLangsam, Yedidyah. aAugenstein, Moshe J.